000 00877nam a2200253 i 4500
001 105464
003 ES-MaACL
005 20251013213012.0
007 t|
008 060718s1971 fr ||||1| fre d
080 _a329.055.4(73)"19"
100 1 _aGalbraith, John Kenneth.
_953345
245 1 3 _aLa gauche américaine /
_cpréface de Jean-Jacques Servan-Schreiber ; traduit de l'américain par Jean-Gérard Chauffeteau.
260 _aParis :
_bFayard,
_c[1971]
300 _a103 p. ;
_c22 cm.
490 1 _aEn toute liberté
500 _aBiblioteca Juan Andrade.
650 1 4 _aIzquierda (Política)-
_zEstados Unidos-
_yS.XX.
_913927
700 1 _aServan-Schreiber, Jean-Jacques,
_d1924-2006
_9105855
700 1 _aChauffeteau, Jean-Gérard.
_938202
830 0 _aEn toute liberté
_9232730
852 _aES-MaACL
_jAND-275
_bR.109592
999 _c105464
_d105464